[Event "Torneo Distrito Chamartin 2015"]
[Site "Madrid ESP"]
[Date "2015.09.12"]
[Round "9.8"]
[White "Bento Iglesias, Pablo"]
[Black "Gonzalez Aguirre, Luis"]
[Result "1-0"]
[WhiteElo "1860"]
[BlackElo "2116"]
[PlyCount "69"]
[EventDate "2015.09.06"]
[EventType "swiss"]
[EventRounds "9"]
[EventCountry "ESP"]
[SourceTitle "Ajedrez en Madrid"]
[Source "lmi"]
[SourceDate "2015.09.06"]
[SourceVersion "1"]
[SourceVersionDate "2015.09.17"]
[SourceQuality "1"]

1. e4 c6 2. d4 d5 3. exd5 cxd5 4. c4 Nf6 5. Nc3 e6 6. Nf3 Bb4 7. Bg5 Qa5 8. Bd2
dxc4 9. Bxc4 O-O 10. O-O Nc6 11. a3 Bxc3 12. Bxc3 Qd8 13. Qe2 Bd7 14. Rac1 Rc8
15. b4 Ne7 16. Ne5 Ned5 17. Bd2 Bc6 18. b5 Be8 19. Rfd1 Qd6 20. Qd3 Bd7 21. g4
h6 22. h4 Nh7 23. g5 hxg5 24. hxg5 f6 25. Nxd7 Qxd7 26. g6 Ng5 27. Bxg5 fxg5
28. Qh3 Rf6 29. Bxd5 Rxg6 30. Rxc8+ Qxc8 31. Re1 g4 32. Qd3 Rh6 33. Qf5 Qc7 34.
Bxe6+ Kh8 35. Qf8+ 1-0

[Event "Torneo Distrito Chamartin 2015"]
[Site "Madrid ESP"]
[Date "2015.09.12"]
[Round "9.9"]
[White "Elissalt Cardenas, Hector"]
[Black "Pinel Mirasierra, Jose Pablo"]
[Result "1-0"]
[WhiteElo "2350"]
[BlackElo "1967"]
[PlyCount "73"]
[EventDate "2015.09.06"]
[EventType "swiss"]
[EventRounds "9"]
[EventCountry "ESP"]
[SourceTitle "Ajedrez en Madrid"]
[Source "lmi"]
[SourceDate "2015.09.06"]
[SourceVersion "1"]
[SourceVersionDate "2015.09.17"]
[SourceQuality "1"]

1. Nf3 Nf6 2. b3 e6 3. Bb2 d5 4. e3 b6 5. Ne5 Bb7 6. f4 Be7 7. d3 Nbd7 8. Nd2
c5 9. Ndf3 O-O 10. Be2 Rc8 11. O-O Ne8 12. Nxd7 Qxd7 13. Ne5 Qc7 14. Bg4 f5 15.
Bf3 Nd6 16. c4 Nf7 17. cxd5 exd5 18. Rc1 Bf6 19. d4 Rfd8 20. Qd3 g6 21. g4 Bxe5
22. dxe5 Qd7 23. gxf5 Qxf5 24. Qxf5 gxf5 25. Rfd1 Nh8 26. Rd2 Ng6 27. Rcd1 Ne7
28. e6 Rd6 29. Rg2+ Ng6 30. h4 Kf8 31. Kf2 Re8 32. Rg5 Rexe6 33. Rxf5+ Ke7 34.
Rh5 Nf8 35. Bxd5 Bxd5 36. Rhxd5 Ng6 37. f5 1-0

[Event "Torneo Distrito Chamartin 2015"]
[Site "Madrid ESP"]
[Date "2015.09.12"]
[Round "9.10"]
[White "Palenciano Escolar, Adrian"]
[Black "Alvarez Escudero, Manuel"]
[Result "1-0"]
[WhiteElo "2120"]
[BlackElo "1805"]
[PlyCount "111"]
[EventDate "2015.09.06"]
[EventType "swiss"]
[EventRounds "9"]
[EventCountry "ESP"]
[SourceTitle "Ajedrez en Madrid"]
[Source "lmi"]
[SourceDate "2015.09.06"]
[SourceVersion "1"]
[SourceVersionDate "2015.09.17"]
[SourceQuality "1"]

1. e4 e5 2. Nf3 Nc6 3. Bb5 a6 4. Ba4 b5 5. Bb3 Nf6 6. O-O Bc5 7. Re1 O-O 8. c3
d5 9. exd5 Nxd5 10. Nxe5 Bxf2+ 11. Kxf2 Nxe5 12. Rxe5 Qf6+ 13. Qf3 Qxe5 14.
Bxd5 Rb8 15. d4 Qxh2 16. Bf4 Qh4+ 17. Qg3 Qf6 18. Nd2 Be6 19. Bf3 Rfc8 20. Bxc7
Rxc7 21. Qxc7 Rc8 22. Qe5 Qh4+ 23. Qg3 Qh6 24. Ne4 b4 25. Qg5 Qxg5 26. Nxg5
bxc3 27. bxc3 Rxc3 28. Nxe6 fxe6 29. Re1 Kf7 30. Kg3 Kf6 31. Kf4 Rc4 32. Ke3 g5
33. Rh1 Ra4 34. Rh6+ Kg7 35. Rxe6 Rxa2 36. Re7+ Kf6 37. Rxh7 a5 38. Rh6+ Kg7
39. Ra6 a4 40. Kd3 a3 41. Kc3 g4 42. Bd5 Ra1 43. Kb3 Rd1 44. Ra4 Rd3+ 45. Kc2
Re3 46. Kd2 Rg3 47. Ra6 Kh7 48. Re6 Kg7 49. Re3 a2 50. Re7+ Kf6 51. Ra7 Kg5 52.
Rxa2 Kf4 53. Ra7 Kg5 54. Rg7+ Kf6 55. Rg8 Kf5 56. Bf3 1-0